Experimental Pharmacognosy (Record no. 10410)
[ view plain ]
| 000 -LEADER | |
|---|---|
| fixed length control field | 00389nam a22001577a 4500 |
| 003 - CONTROL NUMBER IDENTIFIER | |
| control field | OSt |
| 008 - FIXED-LENGTH DATA ELEMENTS--GENERAL INFORMATION | |
| fixed length control field | 210205b ||||| |||| 00| 0 eng d |
| 020 ## - INTERNATIONAL STANDARD BOOK NUMBER | |
| International Standard Book Number | 9789386217530 |
| 082 ## - DEWEY DECIMAL CLASSIFICATION NUMBER | |
| Classification number | 615.321 NEE |
| 100 ## - MAIN ENTRY--PERSONAL NAME | |
| Personal name | Nema , Rajesh Kumar and Bhan CS |
| 245 ## - TITLE STATEMENT | |
| Title | Experimental Pharmacognosy |
| 250 ## - EDITION STATEMENT | |
| Edition statement | 1st |
| 260 ## - PUBLICATION, DISTRIBUTION, ETC. (IMPRINT) | |
| Place of publication, distribution, etc | New Delhi |
| Name of publisher, distributor, etc | CBS Pub. |
| Date of publication, distribution, etc | 2019 |
| 650 ## - SUBJECT ADDED ENTRY--TOPICAL TERM | |
| Topical term or geographic name as entry element | Pharmacognosy |
| 942 ## - ADDED ENTRY ELEMENTS (KOHA) | |
| Source of classification or shelving scheme | Dewey Decimal Classification |
| Koha item type | Text Books |
| Withdrawn status | Lost status | Source of classification or shelving scheme | Damaged status | Not for loan | Collection code | Home library | Current library | Date acquired | Source of acquisition | Currency | Cost, normal purchase price | Bill Number | Total Checkouts | Full call number | Acc. no. / Barcode | Date last seen | Date last borrowed | Actual Cost, discounted price | Bill Date | Koha item type |
|---|---|---|---|---|---|---|---|---|---|---|---|---|---|---|---|---|---|---|---|---|
| Dewey Decimal Classification | B.Pharma | PIET C-LIBRARY | PIET C-LIBRARY | 02/02/2021 | Kirti Praskshan | IN Rupees | 340.00 | IN1456 | 1 | 615.321 NEE | BP1531 | 21/01/2023 | 07/07/2022 | 219.20 | 02/02/2021 | Text Books | ||||
| Dewey Decimal Classification | B.Pharma | PIET C-LIBRARY | PIET C-LIBRARY | 02/02/2021 | Kirti Praskshan | IN Rupees | 340.00 | IN1456 | 615.321 NEE | BP1532 | 05/02/2021 | 219.20 | 02/02/2021 | Text Books | ||||||
| Dewey Decimal Classification | B.Pharma | PIET C-LIBRARY | PIET C-LIBRARY | 02/02/2021 | Kirti Praskshan | IN Rupees | 340.00 | IN1456 | 615.321 NEE | BP1533 | 05/02/2021 | 219.20 | 02/02/2021 | Text Books | ||||||
| Dewey Decimal Classification | B.Pharma | PIET C-LIBRARY | PIET C-LIBRARY | 02/02/2021 | Kirti Praskshan | IN Rupees | 340.00 | IN1456 | 615.321 NEE | BP1534 | 05/02/2021 | 219.20 | 02/02/2021 | Text Books | ||||||
| Dewey Decimal Classification | B.Pharma | PIET C-LIBRARY | PIET C-LIBRARY | 02/02/2021 | Kirti Praskshan | IN Rupees | 340.00 | IN1456 | 615.321 NEE | BP1535 | 05/02/2021 | 219.20 | 02/02/2021 | Text Books |